000 00903cam a22002897a 4500
003 CHAP
005 20220329135330.0
008 971013s1976 r 00010 d
010 _a34557
011 _a35529
035 _a39645
040 _cCHAP
082 _a540.3
_bM4 1976
245 1 4 _aThe Merck index
_b: an encyclopedia of chemicals and drugs
250 _a9 ed.
260 _aRahway, N.J. :
_bMerck,
_c1976
300 _a1313 p.
_b; apénd.
590 _aBATCH-UPD
_b10
_c20130110
_lUCH01
_h2018
590 _aBATCH-UPD
_b10
_c20130410
_lUCH01
_h1337
590 _aBATCH-UPD
_b10
_c20130914
_lUCH01
_h1950
590 _aCONVERSION
_b10
_c20130109
_lUCH01
_h1319
650 1 4 _aQuímica
_xDiccionarios.
_993558
901 _aBK
942 _cLIBRO
949 _a540.3 M4 1976
_bBC
_cC
_d33724000679817
_eC
_h42142
_i39645
_si
949 _a540.3 M4 1976
_bBC
_cC
_d33724002118975
_eC
_gI.c/e
_h111579
_i39645
_st
999 _c34557
_d34557